Word Ladder: College Knowledge Quiz Stats

 Plays Quiz Updated Aug 31, 2015

Challenge
Share
Tweet
Embed
Score 0/22 Timer 02:00
0 Plays Today
Clue 3-Letter Word % Correct
Undergraduate's college entrance exam (abbr.)SAT
95.4%
_____ voyageBON
93%
Health resortSPA
92.4%
VocalizeSAY
91.3%
Secret agentSPY
91.1%
Hair gooGEL
90%
Close friendPAL
87.9%
Cereal grainOAT
87.1%
Guy's partnerGAL
87%
Golly!GEE
84.3%
Writing tabletPAD
82.3%
Clue 3-Letter Word % Correct
Feathery neckwareBOA
79.3%
Advanced degree (abbr.)PHD
77.1%
College transcript statistic (abbr.)GPA
74.8%
Toward the sternAFT
74.7%
Ages and agesEON
74.5%
Frequently, in poetryOFT
73.2%
Master's student's entrance exam (abbr.)GRE
73.2%
Undergraduate's college entrance exam (abbr.)ACT
71.3%
Before, in poetryERE
68%
Sea eagleERN
63.9%
Tibetan antelopeGOA
62.9%

Today's Daily Dose

Word Ladder
Homophones Ate

Quick Pick
RGB Colors

On This Day
August 18th II

You're not logged in!

Compare scores with friends on all Sporcle quizzes.
Join for Free
OR
Log In

You Might Also Like...

Show Comments

Extras

Top Quizzes Today


Score Distribution

Your Account Isn't Verified!

In order to create a playlist on Sporcle, you need to verify the email address you used during registration. Go to your Sporcle Settings to finish the process.

Report this User

Report this user for behavior that violates our Community Guidelines.

Details: